| 000 | 01478nam0a22003011 4500 | ||
|---|---|---|---|
| 001 | v19\rc\1878428 | ||
| 005 | 20260406064903.0 | ||
| 035 | _a(NLR Aleph) 004988597 | ||
| 090 |
_a6261412 _c6261412 |
||
| 100 | _a20080221d1913 u y0rusy50 ca | ||
| 101 | 0 | _arus | |
| 102 | _aRU | ||
| 105 | _aa z ||||| | ||
| 200 | 1 |
_aНовый Мурзилка _eУдивит. приключения и странствования маленьких лесн. человечков. Пальмера Кокса _fС рис. авт. |
|
| 210 |
_aСанкт-Петербург _aМосква _cТ-во М.О. Вольф _d1913 _eСанкт-Петербург |
||
| 215 |
_a104 с. _cфронт. (ил.), ил. _d25 |
||
| 300 | _aАвт. установлен по изд.: Масанов И.Ф. Словарь псевдонимов... М., 1957. Т. 2. С. 203; на обл.: Рис. П. Кокса, [рус.] текст С. Мунда [псевд. С.Ф. Либревича] | ||
| 300 | _aНа обл.: Рис. П. Кокса, [русский] текст С. Мунда | ||
| 700 | 1 |
_4070 _8rus _7ca _aЛибрович _bС.Ф. _f1855-1918 _gСигизмунд Феликсович _3RU\NLR\auth\7724303 _97354 |
|
| 702 | 1 |
_aКокс _bП. _gПальмер _4440 |
|
| 790 | 1 |
_6z01700 _aМунд _bС. _f1855-1918 |
|
| 801 | 0 |
_aRU _bNLR _gpsbo |
|
| 801 | 0 |
_aRU _bRuMoRGB _2psbo |
|
| 801 | 1 |
_aRU _bProSoft-M _2rusmarc |
|
| 852 |
_aNLR _jДл02/Б-7/21 |
||
| 899 |
_aRuMoRGB _jU 77/127 |
||
| 942 | _cBOOK | ||
| 980 | _aNB | ||